000 00405nam a2200145Ia 4500
041 _aArabic
082 _a728.7 cut-982 ع
100 _a20260118u\\\\\\\\\\\y0engy0103\\\\ba
100 _aميشال عيلبوني
245 0 _aالتحكم في الفراغ
250 _aط1
260 _bدار قابس للطباعة والنشر
_aبيروت - لبنان
_c2010
300 _a160
942 _cBk
999 _c189869
_d189869